Get the Picture: MCU Big 3 Quiz Stats

 Plays Quiz Updated Nov 25, 2019

Score 0/15 Timer 03:00
1 Play Today
Question Answer Wrong Answers
Parents
Frigga and Odin
Thor
95.9%
Iron Man
0.8%
Captain America
0.9%
Villains of First Movie
Laufey & Loki
Thor
95.5%
Iron Man
1.1%
Captain America
1.2%
Close Friend
Heimdall
Thor
95.1%
Iron Man
1.2%
Captain America
1.3%
Main Love Interest
Pepper Potts
Iron Man
95%
Captain America
2.2%
Thor
0.7%
Close Friend
Bucky Barnes
Captain America
93.9%
Iron Man
2.5%
Thor
1.2%
Main Love Interest
Peggy Carter
Captain America
93.8%
Iron Man
2.6%
Thor
1.2%
Villains of First Movie
Red Skull & Arnim Zola
Captain America
90.5%
Iron Man
3.4%
Thor
3.7%
Parents
Maria and Howard
Iron Man
90.3%
Captain America
6.4%
Thor
1%
Main Love Interest
Jane Foster
Thor
89.8%
Iron Man
2.3%
Captain America
5.5%
Parents
Sarah and Joseph
Captain America
88.5%
Iron Man
7.1%
Thor
1.9%
Villains of First Movie
Iron Monger & Ten Rings
Iron Man
88%
Captain America
2.8%
Thor
6.9%
Close Friend
James Rhodes
Iron Man
86.7%
Captain America
9.3%
Thor
1.8%
Memorable Quote
''Bring me Thanos!'
Thor
83.8%
Iron Man
8.4%
Captain America
5.4%
Memorable Quote
'I can do this all day.'
Captain America
83%
Iron Man
8.6%
Thor
6.1%
Memorable Quote
'My only curse is you.'
Iron Man
79.1%
Captain America
6.8%
Thor
12%

Today's Daily Dose

Missing Word
#1 Hits of 2012

Get the Picture
British Snacks

You're not logged in!

Compare scores with friends on all Sporcle quizzes.
OR
Log In

Sporcle TV

Today on Sporcle TV


Watch our educational content, quiz creation guides, and fun videos on Sporcle TV.

Show Comments

Extras

Top Quizzes Today


Score Distribution

Your Account Isn't Verified!

In order to create a playlist on Sporcle, you need to verify the email address you used during registration. Go to your Sporcle Settings to finish the process.

Report this User

Report this user for behavior that violates our Community Guidelines.

Details: